[Event "CZE Extraliga 2019-20"]
[Site "Czech Republic"]
[Date "2019.10.12"]
[Round "1"]
[White "Kociscak, Jiri"]
[Black "Najer, Evgeniy"]
[Result "0-1"]
[WhiteElo "2499"]
[BlackElo "2635"]
[Annotator "RC"]
[PlyCount "82"]
[EventDate "2019.10.12"]
[EventType "team-tourn"]
[EventCountry "CZE"]
[SourceTitle "playchess.com"]
[Source "ChessBase"]
[SourceQuality "1"]
[WhiteTeam "Ostrava"]
[BlackTeam "Lysa nad Labem"]
[TimeControl "40/5400+30:1800+30"]

{[BlackFideId "4118987"] [BlackEloChange "3"]} 1. d4 {[%emt 0:00:00]} Nf6 {[%emt 0:00:00]} 2. c4 {[%emt 0:00:30]} e6 {[%emt 0:00:30]} 3. Nc3 {[%emt 0:00:30]} Bb4 {[%emt 0:00:30]} 4. Qc2 {[%emt 0:00:30]} O-O {[%emt 0:00:30]} 5. a3 {[%emt 0:00:30]} Bxc3+ {[%emt 0:00:30]} 6. Qxc3 {[%emt 0:00:30]} b6 {[%emt 0:00:30]} 7. Bg5 {[%emt 0:00:30]} Bb7 {[%emt 0:00:30]} 8. f3 {[%emt 0:00:30]} c5 {[%emt 0:00:30]} 9. dxc5 {[%emt 0:00:30]} bxc5 {[%emt 0:00:30]} 10. Nh3 {[%emt 0:00:30]} h6 {[%emt 0:00:30]} 11. Bxf6 {[%emt 0:00:30]} Qxf6 {[%emt 0:00:30]} 12. Qxf6 {[%emt 0:00:30]} gxf6 {[%emt 0:00:30]} 13. Nf4 {[%emt 0:00:30]} Rd8 {[%emt 0:00:30]} 14. e3 {[%emt 0:00:30]} a5 {[%emt 0:00:30]} 15. O-O-O {[%emt 0:00:30]} Kf8 {[%emt 0:00:30]} 16. Ne2 {[%emt 0:00:30]} Nc6 {[%emt 0:00:30]} 17. Nc3 {[%emt 0:00:30]} Ke7 {[%emt 0:00:30]} 18. b3 {[%emt 0:00:30]} Ne5 {[%emt 0:00:30]} 19. Be2 {[%emt 0:00:30]} Rg8 {[%emt 0:00:30]} 20. Rhg1 {[%emt 0:00:30]} h5 {[%emt 0:00:30]} 21. Kd2 {[%emt 0:00:30]} h4 {[%emt 0:00:30]} 22. Rdf1 {[%emt 0:00:30]} f5 {[%emt 0:00:30]} 23. h3 {[%emt 0:00:30]} Rg3 {[%emt 0:00:30]} 24. f4 {[%emt 0:00:30]} Bxg2 {[%emt 0:00:30]} 25. fxe5 {[%emt 0:00:30]} Bxf1 {[%emt 0:00:30]} 26. Rxg3 {[%emt 0:00:30]} Bxe2 {[%emt 0:00:30]} 27. Rg7 {[%emt 0:00:30]} Bf3 {[%emt 0:00:30]} 28. Nb5 {[%emt 0:00:30]} Bh5 {[%emt 0:00:30]} 29. Rh7 {[%emt 0:00:30]} Bg6 {[%emt 0:00:30]} 30. Rxh4 {[%emt 0:00:30]} f6 {[%emt 0:00:30]} 31. exf6+ {[%emt 0:00:30]} Kxf6 {[%emt 0:00:30]} 32. Rf4 {[%emt 0:00:30]} Ke5 {[%emt 0:00:30]} 33. Rh4 {[%emt 0:00:30]} Rg8 {[%emt 0:00:30]} 34. Kc3 {[%emt 0:00:30]} Be8 {[%emt 0:00:30]} 35. Nc7 {[%emt 0:00:30]} Bf7 {[%emt 0:00:30]} 36. Rh7 {[%emt 0:00:30]} Kf6 {[%emt 0:00:30]} 37. Nb5 {[%emt 0:00:30]} Rg3 {[%emt 0:00:30]} 38. Kd2 {[%emt 0:00:30]} Rg2+ {[%emt 0:00:30]} 39. Kc3 {[%emt 0:00:30]} f4 {[%emt 0:00:30]} 40. Rxf7+ {[%emt 0:00:30]} Kxf7 {[%emt 0:00:30]} 41. exf4 {[%emt 0:30:30]} Ke7 {[%emt 0:30:30]} 0-1

[Event "CZE Extraliga 2019-20"]
[Site "Czech Republic"]
[Date "2019.10.12"]
[Round "1"]
[White "Rogozenco, Dorian"]
[Black "Firt, Stanislav"]
[Result "1-0"]
[WhiteElo "2491"]
[BlackElo "2193"]
[Annotator "ChessBase"]
[PlyCount "60"]
[EventDate "2019.10.12"]
[EventType "team-tourn"]
[EventCountry "CZE"]
[SourceTitle "playchess.com"]
[Source "ChessBase"]
[SourceQuality "1"]
[WhiteTeam "Lysa nad Labem"]
[BlackTeam "Ostrava"]
[WhiteTeamCountry "ROU"]
[BlackTeamCountry "CZE"]
[TimeControl "40/5400+30:1800+30"]

1. d4 {[%emt 0:00:00]} Nf6 {[%emt 0:00:12]} 2. c4 {[%emt 0:00:11]} g6 {[%emt 0:00:09]} 3. g3 {[%emt 0:00:42]} Bg7 {[%emt 0:00:13]} 4. Bg2 {[%emt 0:00:07]} O-O {[%emt 0:00:15]} 5. Nc3 {[%emt 0:00:42]} d6 {[%emt 0:00:13]} 6. Nf3 {[%emt 0:00:24]} c6 {[%emt 0:00:23]} 7. O-O {[%emt 0:00:33]} Qa5 {[%emt 0:01:41]} 8. e4 {[%emt 0:01:07]} Bg4 {[%emt 0:00:10]} 9. h3 {[%emt 0:01:46]} Bxf3 {[%emt 0:00:52]} 10. Bxf3 {[%emt 0:00:11]} Nfd7 {[%emt 0:00:12]} 11. Rb1 {[%emt 0:01:00]} e5 {[%emt 0:09:36]} 12. d5 {[%emt 0:11:03]} c5 {[%emt 0:08:33]} 13. a3 {[%emt 0:10:54]} a6 {[%emt 0:10:06]} 14. Bd2 {[%emt 0:11:10]} Qd8 {[%emt 0:01:05]} 15. Qe2 {[%emt 0:12:22]} f5 {[%emt 0:08:16]} 16. b4 {[%emt 0:00:19]} f4 {[%emt 0:03:07]} 17. Bg4 {[%emt 0:03:38]} h5 {[%emt 0:00:23]} 18. Be6+ {[%emt 0:00:03]} Kh7 {[%emt 0:00:12]} 19. Na4 {[%emt 0:00:03]} Ra7 {[%emt 0:06:57]} 20. Rb3 {[%emt 0:12:11]} Rf6 {[%emt 0:12:13]} 21. bxc5 {[%emt 0:01:05]} Nxc5 {[%emt 0:00:27]} 22. Nxc5 {[%emt 0:00:30]} dxc5 {[%emt 0:00:09]} 23. Rfb1 {[%emt 0:01:45]} Qc7 {[%emt 0:03:27]} 24. gxf4 {[%emt 0:07:48]} exf4 {[%emt 0:00:44]} 25. e5 {[%emt 0:01:28]} Rxe6 {[%emt 0:03:26]} 26. dxe6 {[%emt 0:00:11]} Nc6 {[%emt 0:00:18]} 27. Bxf4 {[%emt 0:05:26]} Nd4 {[%emt 0:00:43]} 28. Qe4 {[%emt 0:00:20]} Nxb3 {[%emt 0:03:26]} 29. Rxb3 {[%emt 0:00:10]} Qe7 {[%emt 0:04:52]} 30. Rb6 {[%emt 0:00:34]} Qd8 {[%emt 0:00:30]} 1-0

[Event "CZE Extraliga 2019-20"]
[Site "Czech Republic"]
[Date "2019.10.12"]
[Round "1"]
[White "Bobras, Piotr"]
[Black "Ragger, Markus"]
[Result "1/2-1/2"]
[WhiteElo "2483"]
[BlackElo "2684"]
[Annotator "TA"]
[PlyCount "43"]
[EventDate "2019.10.12"]
[EventType "team-tourn"]
[EventCountry "CZE"]
[SourceTitle "playchess.com"]
[Source "ChessBase"]
[SourceQuality "1"]
[WhiteTeam "Poruba"]
[BlackTeam "Novoborsky"]
[WhiteTeamCountry "POL"]
[BlackTeamCountry "AUT"]

{[%evp 16,43,28,0,0,5,22,14,25,18,24,22,32,18,26,8,34,7,6,1,6,3,7,0,8,1,14,4,6,17]} 1. e4 e5 2. Nf3 Nc6 3. Bb5 g6 4. d4 exd4 5. Bg5 Be7 6. Bxe7 Qxe7 7. Bxc6 dxc6 8. Qxd4 Nf6 9. O-O (9. Nc3 {with more complications.} Bg4 10. O-O-O Bxf3 11. gxf3 a5 12. Ne2) 9... O-O {C60: Ruy Lopez: Unusual Black 3rd moves and 3...g6} (9... c5 10. Qe3 Bg4 11. Nc3 O-O-O 12. Nd2 Be6 13. f3 Nd7 14. f4 f6 15. Nf3 Rhe8 16. Rad1 Nb6 17. h3 {½-½ (47) Kokarev,D (2603)-Dreev,A (2657) Yaroslavl 2018}) 10. Nc3 Rd8 (10... b6 {is more complex.} 11. e5 Nh5 12. g4 Rd8 13. Qa4 b5) 11. Qe5 Re8 12. Qxe7 Rxe7 13. Nd2 $146 ({Predecessor:} 13. Rfe1 Bg4 14. Nd2 Rd8 15. Nf1 Rde8 16. f3 Bc8 17. Rad1 {1-0 (71) Georgiev,K (2505)-Radulski,J (2270) Sofia 1992}) 13... Be6 14. Rfd1 Nd7 15. Nf1 a5 16. a4 f5 {The position is equal.} 17. exf5 Bxf5 18. Ne3 Be6 19. f3 Nc5 20. Kf2 Kf8 21. Rd4 Bf7 22. Re1 {Accuracy: White = 24%, Black = 45%.} 1/2-1/2

[Event "CZE Extraliga 2019-20"]
[Site "Czech Republic"]
[Date "2019.10.12"]
[Round "1"]
[White "Biolek, Richard Jr."]
[Black "Krejci, Jan"]
[Result "1/2-1/2"]
[WhiteElo "2454"]
[BlackElo "2574"]
[Annotator "RC"]
[PlyCount "97"]
[EventDate "2019.10.12"]
[EventType "team-tourn"]
[EventCountry "CZE"]
[SourceTitle "playchess.com"]
[Source "ChessBase"]
[SourceQuality "1"]
[WhiteTeam "Czech Republic"]
[BlackTeam "Novoborsky"]
[WhiteTeamCountry "CZE"]
[BlackTeamCountry "CZE"]
[TimeControl "40/5400+30:1800+30"]

1. e4 {[%emt 0:00:00]} e5 {[%emt 0:00:00]} 2. Nf3 {[%emt 0:00:00]} Nc6 {[%emt 0:00:00]} 3. Bb5 {[%emt 0:00:00]} a6 {[%emt 0:00:05]} 4. Bxc6 {[%emt 0:03:32]} dxc6 {[%emt 0:00:14]} 5. O-O {[%emt 0:00:03]} Qf6 {[%emt 0:01:25]} 6. d4 {[%emt 0:04:32]} exd4 {[%emt 0:03:23]} 7. Bg5 {[%emt 0:06:52]} Qd6 {[%emt 0:00:08]} 8. Qxd4 {[%emt 0:08:33]} f6 {[%emt 0:06:34]} 9. Be3 {[%emt 0:03:32]} Qxd4 {[%emt 0:02:52]} 10. Nxd4 {[%emt 0:00:16]} Bd7 {[%emt 0:00:06]} 11. Nc3 {[%emt 0:03:33]} Ne7 {[%emt 0:03:13]} 12. Rad1 {[%emt 0:12:37]} Ng6 {[%emt 0:01:53]} 13. f4 {[%emt 0:04:47]} O-O-O {[%emt 0:02:45]} 14. Nf3 {[%emt 0:13:58]} Bd6 {[%emt 0:07:11]} 15. f5 {[%emt 0:05:07]} Ne5 {[%emt 0:01:54]} 16. Nxe5 {[%emt 0:00:09]} Bxe5 {[%emt 0:00:10]} 17. Bf4 {[%emt 0:00:06]} Bxc3 {[%emt 0:10:57]} 18. bxc3 {[%emt 0:00:26]} Rde8 {[%emt 0:00:06]} 19. Rfe1 {[%emt 0:01:18]} Re7 {[%emt 0:01:08]} 20. Re3 {[%emt 0:00:43]} g5 {[%emt 0:03:31]} 21. fxg6 {[%emt 0:00:05]} hxg6 {[%emt 0:00:02]} 22. e5 {[%emt 0:02:46]} fxe5 {[%emt 0:01:50]} 23. Bxe5 {[%emt 0:05:47]} Rhe8 {[%emt 0:03:15]} 24. Rde1 {[%emt 0:00:30]} Bf5 {[%emt 0:00:11]} 25. Bd4 {[%emt 0:00:34]} Rxe3 {[%emt 0:00:30]} 26. Rxe3 {[%emt 0:00:02]} Rxe3 {[%emt 0:04:17]} 27. Bxe3 {[%emt 0:00:04]} b6 {[%emt 0:00:05]} 28. Kf2 {[%emt 0:02:05]} Kd7 {[%emt 0:03:07]} 29. Ke2 {[%emt 0:00:09]} Bxc2 {[%emt 0:00:06]} 30. Kd2 {[%emt 0:00:24]} Be4 {[%emt 0:00:29]} 31. g3 {[%emt 0:00:24]} Bf5 {[%emt 0:00:10]} 32. h4 {[%emt 0:00:09]} c5 {[%emt 0:01:12]} 33. Kc1 {[%emt 0:00:05]} Kc6 {[%emt 0:00:51]} 34. Bf4 {[%emt 0:00:36]} b5 {[%emt 0:02:17]} 35. Kb2 {[%emt 0:00:35]} a5 {[%emt 0:01:51]} 36. Be5 {[%emt 0:02:16]} Be6 {[%emt 0:02:36]} 37. a3 {[%emt 0:00:56]} Kb6 {[%emt 0:01:11]} 38. Bf4 {[%emt 0:00:38]} b4 {[%emt 0:04:01]} 39. Be5 {[%emt 0:00:07]} c6 {[%emt 0:00:21]} 40. Bf6 {[%emt 0:01:48]} Kb5 {[%emt 0:00:19]} 41. Be7 {[%emt 0:30:51]} Kc4 {[%emt 0:30:13]} 42. Bf6 {[%emt 0:00:02]} Bg4 {[%emt 0:00:45]} 43. Bg7 {[%emt 0:00:04]} Kd3 {[%emt 0:00:47]} 44. Bf6 {[%emt 0:00:04]} Bd1 {[%emt 0:01:43]} 45. Bg7 {[%emt 0:00:17]} Kc4 {[%emt 0:00:14]} 46. Bf6 {[%emt 0:00:06]} Kb5 {[%emt 0:00:04]} 47. Be7 {[%emt 0:00:25]} Bf3 {[%emt 0:00:34]} 48. Bf8 {[%emt 0:00:16]} Kc4 {[%emt 0:00:08]} 49. Bg7 {[%emt 0:00:04]} 1/2-1/2

[Event "CZE Extraliga 2019-20"]
[Site "Czech Republic"]
[Date "2019.10.12"]
[Round "1"]
[White "Bures, Jaroslav"]
[Black "Nguyen, Thai Dai Van"]
[Result "0-1"]
[WhiteElo "2388"]
[BlackElo "2545"]
[Annotator "TA"]
[PlyCount "52"]
[EventDate "2019.10.12"]
[EventType "team-tourn"]
[EventCountry "CZE"]
[SourceTitle "playchess.com"]
[Source "ChessBase"]
[SourceQuality "1"]
[WhiteTeam "Poruba"]
[BlackTeam "Czech Republic"]
[WhiteTeamCountry "CZE"]
[BlackTeamCountry "CZE"]

{[%evp 9,66,5,27,18,6,4,17,4,14,-25,-10,-22,-12,-75,-64,-112,-113,-166,-179,-166,-167,-188,-191,-192,-188,-284,-289,-356,-348,-350,-343,-941,-938,-920,-912,-800,-238,-239,-242,-251,0,-193,0,-249,-228,-29971,-29970,-2425,-1594,-1905,-150,-4818,-4818,-2929,-1885,-5285,-5281,-5257,-4900]} 1. d4 Nf6 2. Bf4 d5 3. e3 e6 4. Nd2 c5 5. Ngf3 Bd6 6. Bb5+ {D02: 1 d4 d5 2 Nf3 sidelines, including 2...Nf6 3 g3 and 2...Nf6 3 Bf4} Nc6 7. dxc5 Bxc5 8. Nb3 $146 {The position is equal.} ({Predecessor:} 8. c4 Bd7 9. O-O O-O 10. cxd5 Nxd5 11. Bg3 Ne5 12. Bxd7 Nxf3+ 13. Nxf3 Qxd7 {½-½ (30) Karjakin,S (2773)-Anand,V (2783) Saint Louis 2017}) 8... Bd6 9. Nfd4 Qc7 10. Bxd6 Qxd6 11. Na5 (11. c4 $11 {remains equal.}) 11... O-O $1 $17 12. Ndxc6 bxc6 13. Bxc6 (13. Bd3 $17 {was necessary.}) 13... Rb8 $19 {Threatens to win with ...Qc7.} 14. Qd4 e5 15. Qxa7 Bd7 $1 {[%cal Rd7c6]} ({Don't do} 15... Rxb2 16. O-O $17) 16. Bxd7 Nxd7 17. Nc4 (17. Rd1 {was the only defense.}) 17... dxc4 18. Rd1 Qb4+ 19. c3 Qb7 (19... Qxb2 $2 20. Qxd7 Qxc3+ 21. Qd2 $17) 20. Rxd7 $2 (20. Qxb7 Rxb7 21. O-O) 20... Qxg2 21. Rf1 Rxb2 22. Qa4 Qg4 $2 (22... Qe4 23. Rd1 Rfb8) 23. Rd2 Rb1+ 24. Rd1 Rb2 $40 {[%csl Gb2][%cal Rg4e2][%mdl 128] White needs to defend precisely.} 25. Rd2 Rb1+ (25... Rb6 $142 26. Qd1 Qf5) 26. Rd1 Qf5 {Played: Qg4-e4} 0-1

[Event "CZE Extraliga 2019-20"]
[Site "Czech Republic"]
[Date "2019.10.12"]
[Round "1"]
[White "Priehoda, Vitezslav"]
[Black "Richterova, Natasa"]
[Result "1/2-1/2"]
[WhiteElo "2344"]
[BlackElo "2212"]
[Annotator "ChessBase"]
[PlyCount "83"]
[EventDate "2019.10.12"]
[EventType "team-tourn"]
[EventCountry "CZE"]
[SourceTitle "playchess.com"]
[Source "ChessBase"]
[SourceQuality "1"]
[WhiteTeam "Lysa nad Labem"]
[BlackTeam "Ostrava"]
[WhiteTeamCountry "CZE"]
[BlackTeamCountry "CZE"]
[TimeControl "40/5400+30:1800+30"]

1. d4 {[%emt 0:00:00]} d5 {[%emt 0:00:00]} 2. c4 {[%emt 0:00:00]} c6 {[%emt 0:00:00]} 3. Nf3 {[%emt 0:00:00]} Nf6 {[%emt 0:00:00]} 4. Qb3 {[%emt 0:00:09]} dxc4 {[%emt 0:02:55]} 5. Qxc4 {[%emt 0:00:09]} Qd5 {[%emt 0:00:06]} 6. Qxd5 {[%emt 0:14:21]} cxd5 {[%emt 0:00:43]} 7. Nc3 {[%emt 0:00:04]} a6 {[%emt 0:05:01]} 8. Bg5 {[%emt 0:03:31]} e6 {[%emt 0:03:20]} 9. e3 {[%emt 0:04:45]} Nc6 {[%emt 0:05:00]} 10. Bd3 {[%emt 0:00:37]} Nb4 {[%emt 0:05:07]} 11. Bb1 {[%emt 0:00:57]} Bd7 {[%emt 0:00:21]} 12. O-O {[%emt 0:04:38]} h6 {[%emt 0:01:42]} 13. Bh4 {[%emt 0:05:07]} Bd6 {[%emt 0:03:46]} 14. Rc1 {[%emt 0:06:58]} O-O {[%emt 0:05:44]} 15. a3 {[%emt 0:11:51]} Nc6 {[%emt 0:00:51]} 16. b4 {[%emt 0:01:02]} Rac8 {[%emt 0:06:12]} 17. Bd3 {[%emt 0:07:03]} Na7 {[%emt 0:05:58]} 18. Nd2 {[%emt 0:17:39]} g5 {[%emt 0:09:41]} 19. Bg3 {[%emt 0:00:06]} Bxg3 {[%emt 0:00:06]} 20. hxg3 {[%emt 0:00:08]} Rc7 {[%emt 0:00:18]} 21. Nb3 {[%emt 0:07:21]} Rfc8 {[%emt 0:01:17]} 22. Nc5 {[%emt 0:03:55]} Be8 {[%emt 0:07:41]} 23. Ne2 {[%emt 0:02:57]} Bb5 {[%emt 0:02:58]} 24. Bxb5 {[%emt 0:00:20]} axb5 {[%emt 0:02:17]} 25. f3 {[%emt 0:02:04]} Ne8 {[%emt 0:03:36]} 26. Kf2 {[%emt 0:02:43]} Nd6 {[%emt 0:01:18]} 27. Nd3 {[%emt 0:02:49]} Rxc1 {[%emt 0:01:01]} 28. Rxc1 {[%emt 0:01:08]} Rxc1 {[%emt 0:00:08]} 29. Nexc1 {[%emt 0:00:50]} Nc4 {[%emt 0:00:04]} 30. Nc5 {[%emt 0:01:00]} b6 {[%emt 0:00:39]} 31. Nd7 {[%emt 0:00:09]} Nxa3 {[%emt 0:00:31]} 32. Nxb6 {[%emt 0:00:11]} Nc6 {[%emt 0:01:41]} 33. Na2 {[%emt 0:00:16]} f6 {[%emt 0:07:20]} 34. Na8 {[%emt 0:00:38]} Kf7 {[%emt 0:02:17]} 35. Nc7 {[%emt 0:00:10]} Ke7 {[%emt 0:00:19]} 36. Nc3 {[%emt 0:00:15]} Na7 {[%emt 0:03:33]} 37. Ke2 {[%emt 0:00:48]} Kd7 {[%emt 0:00:07]} 38. Na6 {[%emt 0:00:06]} Kd6 {[%emt 0:00:28]} 39. Nc5 {[%emt 0:01:24]} Nc6 {[%emt 0:01:05]} 40. Na6 {[%emt 0:00:00]} Nc2 {[%emt 0:00:00]} 41. Nxb5+ {[%emt 0:01:56]} Ke7 {[%emt 0:09:14]} 42. g4 {[%emt 0:02:59]} 1/2-1/2

[Event "CZE Extraliga 2019-20"]
[Site "Czech Republic"]
[Date "2019.10.12"]
[Round "1"]
[White "Koziol, Kamil"]
[Black "Yemelin, Vasily"]
[Result "1-0"]
[WhiteElo "2283"]
[BlackElo "2546"]
[Annotator "ChessBase"]
[PlyCount "89"]
[EventDate "2019.10.12"]
[EventType "team-tourn"]
[EventCountry "CZE"]
[SourceTitle "playchess.com"]
[Source "ChessBase"]
[SourceQuality "1"]
[WhiteTeam "Ostrava"]
[BlackTeam "Lysa nad Labem"]
[WhiteTeamCountry "POL"]
[BlackTeamCountry "RUS"]
[TimeControl "40/5400+30:1800+30"]

1. e4 {[%emt 0:00:00]} e6 {[%emt 0:00:00]} 2. d4 {[%emt 0:00:00]} d5 {[%emt 0:00:00]} 3. Nc3 {[%emt 0:00:12]} Nf6 {[%emt 0:00:30]} 4. Bg5 {[%emt 0:01:03]} Bb4 {[%emt 0:00:43]} 5. e5 {[%emt 0:01:38]} h6 {[%emt 0:00:06]} 6. Bd2 {[%emt 0:00:50]} Bxc3 {[%emt 0:00:10]} 7. bxc3 {[%emt 0:00:09]} Ne4 {[%emt 0:00:04]} 8. Bc1 {[%emt 0:00:06]} c5 {[%emt 0:29:58]} 9. Ne2 {[%emt 0:01:28]} Qa5 {[%emt 0:23:53]} 10. f3 {[%emt 0:06:35]} Ng5 {[%emt 0:00:32]} 11. h4 {[%emt 0:07:06]} Nh7 {[%emt 0:00:05]} 12. Kf2 {[%emt 0:07:46]} Nc6 {[%emt 0:06:08]} 13. g4 {[%emt 0:06:25]} Bd7 {[%emt 0:10:35]} 14. Bg2 {[%emt 0:15:38]} O-O-O {[%emt 0:02:52]} 15. f4 {[%emt 0:10:26]} f6 {[%emt 0:05:22]} 16. Bf3 {[%emt 0:09:03]} Rdf8 {[%emt 0:06:39]} 17. Qd3 {[%emt 0:06:06]} Be8 {[%emt 0:05:24]} 18. a4 {[%emt 0:06:07]} fxe5 {[%emt 0:05:11]} 19. fxe5 {[%emt 0:01:30]} c4 {[%emt 0:00:45]} 20. Qe3 {[%emt 0:02:28]} Bg6 {[%emt 0:00:29]} 21. Ba3 {[%emt 0:01:26]} Rf7 {[%emt 0:00:30]} 22. Nf4 {[%emt 0:01:54]} Bxc2 {[%emt 0:00:21]} 23. Rhc1 {[%emt 0:05:36]} Be4 {[%emt 0:00:37]} 24. Bxe4 {[%emt 0:00:43]} g5 {[%emt 0:00:21]} 25. hxg5 {[%emt 0:05:07]} hxg5 {[%emt 0:00:10]} 26. Bc2 {[%emt 0:00:22]} Rxf4+ {[%emt 0:01:01]} 27. Kg3 {[%emt 0:00:03]} Nf8 {[%emt 0:00:29]} 28. Rh1 {[%emt 0:01:17]} Rg8 {[%emt 0:00:32]} 29. Rh6 {[%emt 0:01:42]} Qc7 {[%emt 0:00:23]} 30. Rah1 {[%emt 0:00:43]} Qf7 {[%emt 0:00:36]} 31. Rh8 {[%emt 0:00:58]} Ng6 {[%emt 0:00:25]} 32. Rxg8+ {[%emt 0:00:34]} Qxg8 {[%emt 0:00:02]} 33. Rh5 {[%emt 0:00:43]} Nge7 {[%emt 0:00:56]} 34. Rxg5 {[%emt 0:00:27]} Qxg5 {[%emt 0:00:37]} 35. Qxf4 {[%emt 0:00:01]} Qg8 {[%emt 0:00:26]} 36. Qf6 {[%emt 0:00:43]} Kd7 {[%emt 0:00:24]} 37. g5 {[%emt 0:00:42]} a6 {[%emt 0:00:27]} 38. g6 {[%emt 0:00:33]} b5 {[%emt 0:00:43]} 39. axb5 {[%emt 0:00:37]} axb5 {[%emt 0:00:01]} 40. g7 {[%emt 0:00:00]} Qa8 {[%emt 0:00:00]} 41. Bxe7 {[%emt 0:18:13]} Nxe7 {[%emt 0:03:45]} 42. Qf7 {[%emt 0:00:28]} Qa1 {[%emt 0:16:58]} 43. Kh2 {[%emt 0:00:38]} Qa8 {[%emt 0:03:02]} 44. Bg6 {[%emt 0:03:13]} b4 {[%emt 0:02:13]} 45. Qf8 {[%emt 0:01:09]} 1-0

[Event "CZE Extraliga 2019-20"]
[Site "Czech Republic"]
[Date "2019.10.12"]
[Round "1"]
[White "Walek, Petr"]
[Black "Jansa, Vlastimil"]
[Result "0-1"]
[WhiteElo "2263"]
[BlackElo "2452"]
[Annotator "ChessBase"]
[PlyCount "58"]
[EventDate "2019.10.12"]
[EventType "team-tourn"]
[EventCountry "CZE"]
[SourceTitle "playchess.com"]
[Source "ChessBase"]
[SourceQuality "1"]
[WhiteTeam "Ostrava"]
[BlackTeam "Lysa nad Labem"]
[WhiteTeamCountry "CZE"]
[BlackTeamCountry "CZE"]
[TimeControl "40/5400+30:1800+30"]

1. e4 {[%emt 0:00:00]} c5 {[%emt 0:00:00]} 2. Nf3 {[%emt 0:00:00]} e6 {[%emt 0:00:00]} 3. d4 {[%emt 0:00:00]} cxd4 {[%emt 0:00:00]} 4. Nxd4 {[%emt 0:00:03]} Nc6 {[%emt 0:00:00]} 5. Nc3 {[%emt 0:00:21]} a6 {[%emt 0:00:06]} 6. f4 {[%emt 0:00:22]} Qc7 {[%emt 0:01:31]} 7. Nxc6 {[%emt 0:02:07]} bxc6 {[%emt 0:00:50]} 8. Bd3 {[%emt 0:03:55]} d5 {[%emt 0:00:26]} 9. O-O {[%emt 0:02:18]} Nf6 {[%emt 0:00:32]} 10. Kh1 {[%emt 0:02:45]} Be7 {[%emt 0:01:13]} 11. b3 {[%emt 0:01:43]} O-O {[%emt 0:01:06]} 12. Bb2 {[%emt 0:11:13]} Bb7 {[%emt 0:07:46]} 13. Qe2 {[%emt 0:16:25]} c5 {[%emt 0:08:04]} 14. exd5 {[%emt 0:05:17]} exd5 {[%emt 0:01:26]} 15. Rae1 {[%emt 0:00:19]} Rae8 {[%emt 0:20:34]} 16. Nb5 {[%emt 0:12:49]} Qc6 {[%emt 0:09:22]} 17. Nc7 {[%emt 0:06:44]} Rc8 {[%emt 0:01:12]} 18. Nxa6 {[%emt 0:15:33]} Ne4 {[%emt 0:09:58]} 19. Bb5 {[%emt 0:07:08]} Qh6 {[%emt 0:01:55]} 20. Rf3 {[%emt 0:00:19]} Bh4 {[%emt 0:08:26]} 21. Ref1 {[%emt 0:06:26]} Ng3+ {[%emt 0:00:45]} 22. Rxg3 {[%emt 0:00:04]} Bxg3 {[%emt 0:00:10]} 23. h3 {[%emt 0:00:06]} d4 {[%emt 0:06:35]} 24. Kg1 {[%emt 0:00:14]} Bxf4 {[%emt 0:01:12]} 25. b4 {[%emt 0:01:22]} Be3+ {[%emt 0:00:16]} 26. Kh2 {[%emt 0:00:23]} Qd6+ {[%emt 0:00:30]} 27. g3 {[%emt 0:00:29]} cxb4 {[%emt 0:01:31]} 28. Bc1 {[%emt 0:02:13]} Bxc1 {[%emt 0:01:41]} 29. Rxc1 {[%emt 0:00:04]} Ra8 {[%emt 0:00:44]} 0-1

[Event "CZE Extraliga 2019-20"]
[Site "Czech Republic"]
[Date "2019.10.12"]
[Round "1"]
[White "Krajina, Ales"]
[Black "Kislinsky, Alexey"]
[Result "0-1"]
[WhiteElo "2141"]
[BlackElo "2442"]
[Annotator "ChessBase"]
[PlyCount "88"]
[EventDate "2019.10.12"]
[EventType "team-tourn"]
[EventCountry "CZE"]
[SourceTitle "playchess.com"]
[Source "ChessBase"]
[SourceQuality "1"]
[WhiteTeam "Ostrava"]
[BlackTeam "Lysa nad Labem"]
[WhiteTeamCountry "CZE"]
[BlackTeamCountry "CZE"]
[TimeControl "40/5400+30:1800+30"]

1. d4 {[%emt 0:00:00]} Nf6 {[%emt 0:00:33]} 2. Nf3 {[%emt 0:00:00]} g6 {[%emt 0:00:14]} 3. Nc3 {[%emt 0:00:24]} c5 {[%emt 0:03:02]} 4. Bg5 {[%emt 0:05:08]} Bg7 {[%emt 0:00:40]} 5. e3 {[%emt 0:03:23]} cxd4 {[%emt 0:02:40]} 6. exd4 {[%emt 0:05:25]} d5 {[%emt 0:02:33]} 7. h3 {[%emt 0:01:15]} O-O {[%emt 0:00:15]} 8. Bd3 {[%emt 0:01:19]} Nc6 {[%emt 0:00:06]} 9. a3 {[%emt 0:02:22]} h6 {[%emt 0:02:17]} 10. Bf4 {[%emt 0:01:06]} Nh5 {[%emt 0:00:37]} 11. Be3 {[%emt 0:01:54]} e5 {[%emt 0:00:09]} 12. Be2 {[%emt 0:15:43]} e4 {[%emt 0:01:18]} 13. Nh2 {[%emt 0:00:20]} f5 {[%emt 0:01:09]} 14. Bxh5 {[%emt 0:00:37]} gxh5 {[%emt 0:00:28]} 15. Qd2 {[%emt 0:00:50]} Kh7 {[%emt 0:10:31]} 16. Ne2 {[%emt 0:01:58]} Be6 {[%emt 0:02:52]} 17. Nf4 {[%emt 0:05:31]} Bf7 {[%emt 0:00:10]} 18. Nf1 {[%emt 0:01:06]} h4 {[%emt 0:00:48]} 19. g3 {[%emt 0:00:07]} Na5 {[%emt 0:24:04]} 20. b3 {[%emt 0:07:11]} b6 {[%emt 0:04:34]} 21. gxh4 {[%emt 0:00:47]} Rc8 {[%emt 0:02:24]} 22. Ng3 {[%emt 0:02:33]} Qd7 {[%emt 0:00:26]} 23. O-O {[%emt 0:06:35]} Bf6 {[%emt 0:06:23]} 24. h5 {[%emt 0:05:06]} Rc6 {[%emt 0:02:08]} 25. Kh2 {[%emt 0:01:49]} Rfc8 {[%emt 0:00:07]} 26. Ra2 {[%emt 0:01:20]} Qc7 {[%emt 0:01:31]} 27. Nxf5 {[%emt 0:03:00]} Bxh5 {[%emt 0:00:33]} 28. Rg1 {[%emt 0:05:01]} Bf3 {[%emt 0:01:58]} 29. Ng3 {[%emt 0:04:18]} Qf7 {[%emt 0:01:29]} 30. Ng2 {[%emt 0:05:08]} h5 {[%emt 0:02:48]} 31. Bg5 {[%emt 0:00:26]} Rg8 {[%emt 0:01:04]} 32. Bxf6 {[%emt 0:00:48]} Rxf6 {[%emt 0:00:23]} 33. Nh4 {[%emt 0:00:59]} Rf4 {[%emt 0:01:46]} 34. Ng2 {[%emt 0:04:03]} Bxg2 {[%emt 0:00:09]} 35. Rxg2 {[%emt 0:00:02]} h4 {[%emt 0:00:17]} 36. Nh1 {[%emt 0:00:25]} Rf3 {[%emt 0:01:02]} 37. Rxg8 {[%emt 0:00:50]} Qxg8 {[%emt 0:00:37]} 38. Ra1 {[%emt 0:00:53]} Nc6 {[%emt 0:01:32]} 39. Rg1 {[%emt 0:00:23]} Rxh3+ {[%emt 0:01:54]} 40. Kxh3 {[%emt 0:00:00]} Qxg1 {[%emt 0:00:00]} 41. Kxh4 {[%emt 0:03:04]} Qxh1+ {[%emt 0:00:14]} 42. Kg4 {[%emt 0:00:20]} Qf3+ {[%emt 0:00:41]} 43. Kg5 {[%emt 0:00:19]} Nd8 {[%emt 0:01:03]} 44. Qf4 {[%emt 0:02:21]} Ne6+ {[%emt 0:00:06]} 0-1